00523nam a2200193Ii 450000100060000000300090000600800410001502000150005604000330007104100080010408200160011210000180012824500330014626400570017930000120023633600260024833700280027433800270030212994CO-ViMGA241108s9999||||xx |||||||||||||| ||und|| a9589433251 aCO-ViMGAbspaerdacCO-ViMGA0 aspa04a006.6 D124p1 aDackar, Henry10aPresentaciones en multimedia 1aBogotá, Colombia : Producciones Henry Dackar, 1996 avolumen atextbtxt2rdacontent aunmediatedbn2rdamedia avolumebnc2rdacarrier